Statistics for Director - Actor Combo Telugu

Click here to take the quiz!

General Stats

  • This quiz has been taken 20 times
  • The average score is 6 of 10

Answer Stats

DirectorActorAnswer% Correct
Sandeep Reddy VangaVijay DeverakondaArjun Reddy
94%
SujeethPrabhasSaaho
83%
Trivikram SrinivasJr NTRAravinda Sametha Veera Raghava
72%
A. R. MurugadossMahesh BabuSpyder
72%
Krish JagarlamudiAllu ArjunVedam
61%
Sekhar KammulaRana DaggubatiLeader
56%
Vivek AthreyaNaniAnte Sundaraniki
44%
Hanu RaghavapudiSharwanandPadi Padi Leche Manasu
39%
Prabhu DevaChiranjeeviShankar Dada Zindabad
39%
P. A. Arun PrasadPawan KalyanThammudu
39%

Score Distribution

Percentile by Number Answered

Percent of People with Each Score

Your Score History

You have not taken this quiz